<?xml version="1.0" encoding="UTF-8"?>
<marc:record xmlns:marc="http://www.loc.gov/MARC21/slim">
   <marc:leader>00000nam a2200000 a 4500</marc:leader>
   <marc:datafield ind1="1" ind2=" " tag="100">
      <marc:subfield code="a">Manfredi, Valerio M.</marc:subfield>
      <marc:subfield code="4">aut</marc:subfield>
      <marc:subfield code="e">Verfasser/-in</marc:subfield>
   </marc:datafield>
   <marc:datafield ind1="0" ind2="0" tag="245">
      <marc:subfield code="a">Der Tyrann von Syrakus</marc:subfield>
   </marc:datafield>
   <marc:datafield ind1="0" ind2="0" tag="245">
      <marc:subfield code="b">Roman</marc:subfield>
   </marc:datafield>
   <marc:datafield ind1="0" ind2="0" tag="245">
      <marc:subfield code="c">Manfredi, Valerio M.</marc:subfield>
   </marc:datafield>
   <marc:datafield ind1=" " ind2="1" tag="264">
      <marc:subfield code="a">München ; Zürich</marc:subfield>
      <marc:subfield code="b">Piper</marc:subfield>
      <marc:subfield code="c">2006</marc:subfield>
   </marc:datafield>
   <marc:datafield ind1=" " ind2=" " tag="250">
      <marc:subfield code="a">Dt. Erstausg.</marc:subfield>
   </marc:datafield>
   <marc:datafield ind1="1" ind2=" " tag="520">
      <marc:subfield code="a">Sizilien, 412 v. Chr. - Dionysios (ca. 430 v. Chr. - 367 v. Chr.), der spätere Tyrann von Syrakus, wandelt sich im Kampf mit den Karthagern, die auf der Insel griechische Städte angreifen, zu einem gnadenlosen Feldherrn. Nach Syrakus unterwirft er die anderen Städte Ostsiziliens. Die Vertreibung der Feinde aus dem Westteil der Insel gelingt ihm jedoch nicht. Jegliches Mitleid und Erbarmen erlischt in Dionysios, als seine geliebte Frau Arete brutal ermordet wird. Wie schon in Manfredis anderen Büchern (zuletzt "Das etruskische Ritual"), so zeichnet sich auch dieser Titel durch historische Detailtreue aus. Sein Bestreben, beim Leser Verständnis für die persönliche Entwicklung seines Titelhelden zu wecken, gelingt ihm nur bedingt. Ein insgesamt unterhaltsamer historischer Roman, in welchem der Autor sich diesmal stärker als Historiker, denn als Erzähler profiliert.</marc:subfield>
   </marc:datafield>
   <marc:datafield ind1=" " ind2=" " tag="020">
      <marc:subfield code="a">9783492271066</marc:subfield>
      <marc:subfield code="9">9783492271066</marc:subfield>
   </marc:datafield>
   <marc:datafield ind1=" " ind2=" " tag="020">
      <marc:subfield code="a">3492271065</marc:subfield>
      <marc:subfield code="9">3492271065</marc:subfield>
   </marc:datafield>
   <marc:datafield ind1=" " ind2=" " tag="041">
      <marc:subfield code="a">ger</marc:subfield>
   </marc:datafield>
   <marc:datafield ind1=" " ind2=" " tag="338">
      <marc:subfield code="a">Band</marc:subfield>
   </marc:datafield>
   <marc:datafield ind1=" " ind2=" " tag="300">
      <marc:subfield code="a">464 S. : Kt.</marc:subfield>
   </marc:datafield>
</marc:record>
